000 00565nam a2200193 i 4500
001 133986
003 ES-MaACL
005 20230906194555.0
007 t|
008 070904s1969 sp ||||1| spa d
100 1 _aWest, Morris L.
_9116550
245 1 3 _aEl hereje /
_cMorris West ; traductores: Darwin J. Flakoll y Claribel Alegría].
250 _a1ª ed.
260 _aBarcelona :
_bPomaire,
_c1969.
300 _a199 p. ;
_c20 cm.
700 1 _aFlakoll, Darwin J.
_951098
700 1 _aAlegría, Claribel.
_919680
852 _aES-MaACL
_jC-40084
_bR.71737
999 _c133986
_d133986